Rural health education / (Record no. 16004)

MARC details
000 -LEADER
fixed length control field 00841nam a22002537a 4500
005 - DATE AND TIME OF LATEST TRANSACTION
control field 2008092903563.0
008 - FIXED-LENGTH DATA ELEMENTS--GENERAL INFORMATION
fixed length control field 080929t xxu||||| |||| 00| 0 eng d
010 ## - LCCN (DPL NO)
LC control number ENG-91072
020 ## - INTERNATIONAL STANDARD BOOK NUMBER
International Standard Book Number 9788184501155
Terms of availability 1550.00
035 ## - SYSTEM CONTROL NUMBER
System control number EN-74605
037 ## - SOURCE OF ACQUISITION
Source of stock number/acquisition DBAD / PUB
040 ## - CATALOGING SOURCE
Original cataloging agency DPL
082 ## - DEWEY DECIMAL CLASSIFICATION NUMBER
Classification number 362.1091734
100 ## - MAIN ENTRY--PERSONAL NAME
Personal name Goel, S.L.
245 ## - TITLE STATEMENT
Title Rural health education /
Statement of responsibility, etc S.L.Goel
260 ## - PUBLICATION, DISTRIBUTION, ETC. (IMPRINT)
Place of publication, distribution, etc New Delhi
Name of publisher, distributor, etc Deep & Deep Publications
Date of publication, distribution, etc 2008
300 ## - PHYSICAL DESCRIPTION
Extent xi, 330p.
Dimensions 24cm.(Hb)
500 ## - GENERAL NOTE
General note Include index
650 ## - SUBJECT ADDED ENTRY--TOPICAL TERM
Topical term or geographic name as entry element Health education
650 ## - SUBJECT ADDED ENTRY--TOPICAL TERM
Topical term or geographic name as entry element Rural health
650 ## - SUBJECT ADDED ENTRY--TOPICAL TERM
Topical term or geographic name as entry element Rural health services
942 ## - ADDED ENTRY ELEMENTS (KOHA)
Source of classification or shelving scheme Dewey Decimal Classification
Item type English Books
Call number suffix GOE
Classification part 362.1091734
Holdings
Withdrawn status Lost status Source of classification or shelving scheme Damaged status Not for loan Home library Current library Date acquired Source of acquisition Cost, normal purchase price Total Checkouts Full call number Barcode Date last seen Cost, replacement price Koha item type
    Dewey Decimal Classification   Not For Loan D.B.Act.Division D.B.Act.Division 29/09/2008 DBAD / PUB 1550.00   362.1091734 GOE EN-74605 29/09/2008 1550.00 English Books

© Delhi Public Library
Hit Counter
free hit counter